Normal view MARC view
  • Muhammad Hamid

Entry Personal Name

Number of records used in: 1

001 - CONTROL NUMBER

  • control field: 15089

003 - CONTROL NUMBER IDENTIFIER

  • control field: NUST

005 - DATE AND TIME OF LATEST TRANSACTION

  • control field: 20190619105106.0

008 - FIXED-LENGTH DATA ELEMENTS

  • fixed length control field: 190619|| aca||aabn | a|a d

040 ## - CATALOGING SOURCE

  • Original cataloging agency: NUST
  • Transcribing agency: NUST

100 ## - HEADING--PERSONAL NAME

  • Personal name: Muhammad Hamid

670 ## - SOURCE DATA FOUND

  • Source citation: Work cat.: (NUST): Muhammad Hamid, A New Proposed Heuristic for Job Shop and Flow Shop Scheduling Problem, 2018
© 2023 Central Library, National University of Sciences and Technology. All Rights Reserved.